LEADER 01329cam0-22003851i-450- 001 990007411470403321 005 20131004105335.0 010 $a88-387-9365-4$dL. 48000 035 $a000741147 035 $aFED01000741147 035 $a(Aleph)000741147FED01 035 $a000741147 100 $a20030411d1988----km-y0itay50------ba 101 0 $aita 102 $aIT 105 $ay---n---001yy 200 1 $a<> nuova legge sullo smaltimento dei rifiuti$ecommento al D.L. n. 361 convertito nella Legge n. 441/1987$fFranco Giampietro, Pasquale Giampietro$gappendice: Fonti nazionali e comunitarie, Le sentenze della Corte costituzionale sui rifiuti e sul danno ambientale 210 $aRimini$cMaggioli$dc1988 215 $a458 p.$d24 cm 225 1 $aPratica professionale$v60 610 0 $aRifiuti$aEliminazione$aLegislazione 676 $a333.7$v11$zita 700 1$aGiampietro,$bFranco$032298 701 1$aGiampietro,$bPasquale$c$0342370 801 0$aIT$bUNINA$gRICA$2UNIMARC 901 $aBK 912 $a990007411470403321 952 $aL 54$bs.i.$fDSS 952 $aURB.LE B 890$b3873$fFARBC 952 $aLA5/27$b1016$fDINGE 959 $aDSS 959 $aFARBC 959 $aDINGE 996 $aNuova legge sullo smaltimento dei rifiuti$9677271 997 $aUNINA LEADER 01496nas 2200529-a 450 001 996204140003316 005 20231101202037.0 011 $a2095-0225 035 $a(OCoLC)728100187 035 $a(CKB)2670000000074852 035 $a(CONSER)--2011247790 035 $a(DE-599)ZDB2617113-2 035 $a(MiAaPQ)2045888 035 $a(EXLCZ)992670000000074852 100 $a20110602a20119999 --- a 101 0 $aeng 135 $aur||||||||||| 181 $ctxt$2rdacontent 182 $cc$2rdamedia 183 $acr$2rdacarrier 200 00$aFrontiers of medicine 210 $a[Beijing] $cHigher Education Press ;$aHeidelberg $cSpringer-Verlag$dİ2011- 215 $a1 online resource 300 $aRefereed/Peer-reviewed 311 $a2095-0217 531 0 $aFront. Med. 606 $aMedicine$vPeriodicals 606 $aPublic health$vPeriodicals 606 $aClinical Medicine 606 $aMedicine$2fast$3(OCoLC)fst01014893 606 $aPublic health$2fast$3(OCoLC)fst01082238 608 $aPeriodicals.$2lcgft 608 $aPeriodical. 608 $aPeriodicals.$2fast 610 00$ageneeskunde 610 00$amedicine 610 10$aMedicine (General) 610 10$aGeneeskunde (algemeen) 615 0$aMedicine 615 0$aPublic health 615 2$aClinical Medicine. 615 7$aMedicine. 615 7$aPublic health. 906 $aJOURNAL 912 $a996204140003316 996 $aFrontiers of medicine$91925609 997 $aUNISA